[Event "Bethune op"]
[Site "Bethune"]
[Date "2004.07.07"]
[Round "5"]
[White "Gambee, Kevin"]
[Black "Gonzales, Mathias"]
[Result "1/2-1/2"]
[WhiteElo "2121"]
[BlackElo "1880"]
[PlyCount "20"]
[EventDate "2004.07.03"]
[EventType "swiss"]
[EventRounds "9"]
[EventCountry "FRA"]
[SourceTitle "EXT 2005"]
[Source "ChessBase"]
[SourceDate "2004.11.15"]
[SourceVersion "1"]
[SourceVersionDate "2004.11.15"]
[SourceQuality "1"]

1. e4 c5 2. Nf3 Nc6 3. c3 g6 4. Na3 Bg7 5. Bc4 a6 6. d4 b5 7. Be2 cxd4 8. Nxd4 Bb7 9. Nxc6 Bxc6 10. Bf3 Qc7 1/2-1/2

[Event "FRA-chT3 Gr8 0203"]
[Site "France"]
[Date "2003.04.06"]
[Round "9"]
[White "Gonzales, Mathias"]
[Black "Canel, Michel"]
[Result "1/2-1/2"]
[WhiteElo "1910"]
[BlackElo "2042"]
[PlyCount "64"]
[EventDate "2002.10.??"]
[EventType "team-tourn"]
[EventRounds "9"]
[EventCountry "FRA"]
[SourceTitle "EXT 2005"]
[Source "ChessBase"]
[SourceDate "2004.11.15"]
[SourceVersion "1"]
[SourceVersionDate "2004.11.15"]
[SourceQuality "1"]

1. d4 d5 2. Nf3 Nc6 3. Bf4 Nf6 4. e3 a6 5. c3 Bf5 6. h3 e6 7. Nbd2 Be7 8. Be2 0-0 9. Nh4 Be4 10. Nhf3 h6 11. Nxe4 Nxe4 12. Nd2 Nf6 13. 0-0 Nd7 14. Nf3 Bf6 15. Qb3 Rb8 16. Rac1 b5 17. Bh2 Rb6 18. a3 Na5 19. Qc2 Nc4 20. Ra1 Be7 21. b4 Rc6 22. Bxc4 Rxc4 23. Nd2 Rc6 24. Nb3 Bd6 25. Na5 Rb6 26. Bxd6 cxd6 27. a4 Qc7 28. Rfc1 Rc8 29. axb5 Rxb5 30. Qd3 Nb6 31. g3 g6 32. Nb3 Qb7 1/2-1/2

[Event "FRA-chT3 Gr8 0203"]
[Site "France"]
[Date "2003.03.16"]
[Round "7"]
[White "Gonzales, Mathias"]
[Black "Bajart, Simon"]
[Result "1/2-1/2"]
[WhiteElo "1910"]
[BlackElo "1920"]
[PlyCount "96"]
[EventDate "2002.10.??"]
[EventType "team-tourn"]
[EventRounds "9"]
[EventCountry "FRA"]
[SourceTitle "EXT 2005"]
[Source "ChessBase"]
[SourceDate "2004.11.15"]
[SourceVersion "1"]
[SourceVersionDate "2004.11.15"]
[SourceQuality "1"]

1. d4 Nf6 2. Bf4 e6 3. e3 c5 4. c3 Nc6 5. Nf3 Nh5 6. Bg3 Nxg3 7. hxg3 d5 8. Bb5 Bd7 9. Nbd2 Be7 10. Bxc6 Bxc6 11. Ne5 Bd6 12. Ndf3 Qc7 13. Qc2 h6 14. g4 0-0-0 15. 0-0-0 Rdf8 16. Rh3 Qa5 17. b3 Kb8 18. Kb1 Rhg8 19. Rdh1 f6 20. Nxc6+ bxc6 21. dxc5 Qxc5 22. Nd4 Re8 23. Rc1 Be5 24. Qd3 Qb6 25. f4 Bd6 26. Qh7 Ba3 27. Rd1 c5 28. Nc2 Qa6 29. Qd3 c4 30. bxc4 dxc4 31. Qd2 Qb5+ 32. Nb4 a5 33. Qd6+ Kb7 34. Rh5 g5 35. Rxh6 axb4 36. Rh7+ Ka8 37. Qd7 Qxd7 38. Rdxd7 bxc3 39. Ra7+ Kb8 40. Rxa3 gxf4 41. exf4 Rxg4 42. Rha7 Rgg8 43. R7a4 Kc7 44. Rxc4+ Kd6 45. Raxc3 Rxg2 46. Rd3+ Ke7 47. Rc7+ Kf8 48. Rh3 Kg8 1/2-1/2

[Event "FRA-chT3 Gr8 0203"]
[Site "France"]
[Date "2003.01.19"]
[Round "5"]
[White "Gonzales, Mathias"]
[Black "Marquis, Ambroise"]
[Result "1/2-1/2"]
[WhiteElo "1910"]
[BlackElo "2060"]
[PlyCount "54"]
[EventDate "2002.10.??"]
[EventType "team-tourn"]
[EventRounds "9"]
[EventCountry "FRA"]
[SourceTitle "EXT 2005"]
[Source "ChessBase"]
[SourceDate "2004.11.15"]
[SourceVersion "1"]
[SourceVersionDate "2004.11.15"]
[SourceQuality "1"]

1. d4 f5 2. Nf3 Nf6 3. Bf4 g6 4. e3 Bg7 5. c3 d6 6. Bc4 e6 7. Ng5 d5 8. Be2 h6 9. Nf3 g5 10. Bg3 0-0 11. Nbd2 Ne4 12. Be5 Nd7 13. Bxg7 Kxg7 14. Ne5 Nxe5 15. dxe5 b6 16. 0-0 a5 17. f3 Nxd2 18. Qxd2 Ba6 19. Bxa6 Rxa6 20. Rad1 Qe7 21. Qd3 Raa8 22. Kh1 Rad8 23. Rd2 c5 24. Rfd1 c4 25. Qc2 Qc7 26. f4 g4 27. Rd4 b5 1/2-1/2